Normal view
MARC view
- Walter G. Egan
Entry Personal Name
001 - CONTROL NUMBER
- control field: 133190
003 - CONTROL NUMBER IDENTIFIER
- control field: NUST
005 - DATE AND TIME OF LATEST TRANSACTION
- control field: 20260212164458.0
008 - FIXED-LENGTH DATA ELEMENTS
- fixed length control field: 260212|| aca||aabn | a|a d
040 ## - CATALOGING SOURCE
- Original cataloging agency: NUST
- Transcribing agency: NUST
100 ## - HEADING--PERSONAL NAME
- Personal name: Walter G. Egan
670 ## - SOURCE DATA FOUND
- Source citation: Work cat.: (NUST): Walter G. Egan., Optical Remote Sensing: Science and Technology /, 2003.
